Moby dick /

Guardado en:
Autor Principal: Melville, Hernan
Formato: Libro
Publicado: Buenos Aires : La Estacion,2011.
Series:Narrativa Estadounidense.
Materias:
Etiquetas: Agregar Etiqueta
Sin Etiquetas, Sea el primero en etiquetar este registro!
LEADER 00513nam a22001815a 4500
001 CEM.cems018684
005 20190408082636.0
008 130507b######################000#0#####d
003 CEMS
020 |a 9789871652523 
082 0 4 |a 813.3 
100 1 |a Melville, Hernan 
245 1 0 |a Moby dick /  |c Hernan Melville. 
260 |a Buenos Aires :  |b La Estacion,2011. 
300 |a 160p. ; 20cm. 
490 0 |a Narrativa Estadounidense. 
600 1 4 |a Melville, Hernan 
859 |a CEMS  |b BIB. CEMS - Agricultura  |h 813.3  |i M497  |p A3146.18  |t Ej.1